| 000 | 00680nam a2200217 i 4500 | ||
|---|---|---|---|
| 001 | 47959 | ||
| 003 | ES-MaACL | ||
| 005 | 20230906161653.0 | ||
| 007 | t| | ||
| 008 | 950206s1895 fr a ||||1| fre d | ||
| 040 |
_aCAM _bspa _cCCPB | PA2 |
||
| 100 | 1 |
_aCourteline, Georges. _941282 |
|
| 245 | 1 | 3 |
_aLa cinquantaine _b: scène populaire en un acte / _cGeorges Courteline. |
| 260 |
_aParis : _bErnest Flammarion, _c[s.a.] ( _fLahure) |
||
| 300 |
_a32 p. : _bfot. b. y n. ; _c25 cm. |
||
| 490 | 1 |
_aLes Pièces à succès ; _v2 |
|
| 500 | _aRepresentado en 1895. | ||
| 830 | 0 |
_aLes Pièces à succès ; _v2 _9182224 |
|
| 852 |
_aES-MaACL _jT-931-F-7 |
||
| 999 |
_c47959 _d47959 |
||